Things that start with D by image - Statistics

General Stats
  • This quiz has been taken 115 times
  • The average score is 7 of 12
Answer Stats
Picture Answer % Correct
Dwayne Johnson
87%
Deadpool
82%
Duolingo
78%
Dubai
76%
Disco ball
75%
Denmark
72%
Democratic republic of the Congo
70%
Discord
70%
Djibouti
47%
Diglett
27%
Danny davito
9%
Dark
4%
No matching quizzes found
Score Distribution
Percent of People with Each Score
Percentile by Number Answered
Your Score History
You have not taken this quiz